| 000 | 00876nam a2200313 a 4500 | ||
|---|---|---|---|
| 001 | 000108390 | ||
| 003 | CHAP | ||
| 005 | 20220329144010.0 | ||
| 008 | 140204s2012 flu |r| |||1|||eng d | ||
| 010 | _a104852 | ||
| 011 | _a105824 | ||
| 020 | _a9781439856086 | ||
| 040 | _cCHAP | ||
| 082 | 0 | 4 |
_a333.7 _bM39 2012 |
| 100 | 0 | 0 |
_aMaser, Chris. _972760 |
| 245 | 1 | 0 |
_aResolving environmental conflicts / _cpor Chris Maser, Carol A. Pollio. |
| 250 | _a2 ed. | ||
| 260 |
_aBoca Raton, FL. : _bCRC Press, _c2012. |
||
| 300 | _axxx, 241 p. | ||
| 490 | 0 | _aSocial Environmental Sustainability | |
| 590 |
_aE5652GLJ _b05 _c20140204 _lUCH01 _h1441 |
||
| 650 | 1 | 4 |
_aControl ambiental. _927577 |
| 650 | 1 | 4 |
_aMedio ambiente _xProtección. _974106 |
| 650 | 1 | 4 |
_aPolítica ambiental. _990422 |
| 700 | 1 |
_aPollio, Carol A. _9125357 |
|
| 901 | _aBK | ||
| 942 | _cLIBRO | ||
| 942 | _n0 | ||
| 999 |
_c104852 _d104852 |
||